000
00268nam a22001217a 4500
082
_a
823
_b
AND/L
100
_a
ANDERSON, HANS CHRISTIAN
245
_a
THE LITTLE MERMAID
260
_a
DELHI
_b
TINY TOT
_c
1995
300
_a
7
650
_a
ENGLISH STORY
_z
INDIA
942
_c
BK
999
_c
7454
_d
7454